[Event "SWE-chT 1920 Superettan"]
[Site "Sweden"]
[Date "2020.02.29"]
[Round "6"]
[White "Laveryd, Peter"]
[Black "Svensson, Bengt"]
[Result "1/2-1/2"]
[WhiteElo "2367"]
[BlackElo "2310"]
[PlyCount "48"]
[EventDate "2019.10.18"]
[EventType "team-tourn"]
[EventRounds "9"]
[EventCountry "SWE"]
[SourceTitle "EXT 2023"]
[Source "ChessBase"]
[SourceDate "2022.10.05"]
[SourceVersion "1"]
[SourceVersionDate "2022.10.05"]
[SourceQuality "1"]
[WhiteTeam "Norrkoping Schack 08"]
[BlackTeam "Kamraterna"]
[WhiteTeamCountry "SWE"]
[BlackTeamCountry "SWE"]

1. e4 c5 2. Nc3 Nc6 3. f4 g6 4. Nf3 Bg7 5. Bc4 e6 6. f5 Nge7 7. fxe6 fxe6 8. d3 d5 9. Bb3 b5 10. 0-0 c4 11. dxc4 dxc4 12. Qxd8+ Kxd8 13. Rd1+ Bd7 14. Nxb5 cxb3 15. axb3 Rb8 16. c4 h6 17. Be3 a5 18. b4 axb4 19. Ra6 Kc8 20. Ba7 Ra8 21. Nd6+ Kc7 22. Nb5+ Kc8 23. Nd6+ Kc7 24. Nb5+ Kc8 1/2-1/2

[Event "SWE-chT 1920 Superettan"]
[Site "Sweden"]
[Date "2019.10.20"]
[Round "3"]
[White "Svensson, Bengt"]
[Black "Engqvist, Thomas"]
[Result "1/2-1/2"]
[WhiteElo "2310"]
[BlackElo "2325"]
[PlyCount "49"]
[EventDate "2019.10.18"]
[EventType "team-tourn"]
[EventRounds "9"]
[EventCountry "SWE"]
[SourceTitle "EXT 2023"]
[Source "ChessBase"]
[SourceDate "2022.10.05"]
[SourceVersion "1"]
[SourceVersionDate "2022.10.05"]
[SourceQuality "1"]
[WhiteTeam "Kamraterna"]
[BlackTeam "Stockholm Rockaden II"]
[WhiteTeamCountry "SWE"]
[BlackTeamCountry "SWE"]

1. e4 c6 2. Nf3 d5 3. exd5 cxd5 4. Ne5 Nc6 5. d4 Nf6 6. Bb5 Bd7 7. Nxd7 Qxd7 8. c3 e6 9. Bf4 Bd6 10. Bxd6 Qxd6 11. 0-0 0-0 12. Nd2 a6 13. Bd3 e5 14. dxe5 Nxe5 15. Nf3 Rfe8 16. Re1 Nxd3 17. Qxd3 Qb6 18. Qc2 Qc5 19. h3 g6 20. Qd3 Ne4 21. Re3 Nf6 22. Rae1 Re4 23. Nd2 Rxe3 24. Rxe3 Re8 25. Rxe8+ 1/2-1/2

[Event "SWE-chT 1718 Superettan"]
[Site "Sweden"]
[Date "2018.02.02"]
[Round "4.2"]
[White "Lindberg, Bengt"]
[Black "Svensson, Bengt"]
[Result "1-0"]
[WhiteElo "2386"]
[BlackElo "2322"]
[PlyCount "53"]
[EventDate "2017.10.20"]
[EventType "team-tourn"]
[EventRounds "9"]
[EventCountry "SWE"]
[SourceTitle "EXT 2019"]
[Source "ChessBase"]
[SourceDate "2018.10.10"]
[SourceVersion "1"]
[SourceVersionDate "2018.10.10"]
[SourceQuality "1"]
[WhiteTeam "Vaxjo"]
[BlackTeam "Kamraterna"]
[WhiteTeamCountry "SWE"]
[BlackTeamCountry "SWE"]

1. e4 c5 2. Nf3 e6 3. d4 cxd4 4. Nxd4 a6 5. Nc3 Ne7 6. Nb3 Nec6 7. Bf4 d6 8. Qd2 Qc7 9. 0-0-0 Ne5 10. Bg3 b5 11. f4 Nc4 12. Bxc4 bxc4 13. Nd4 Nd7 14. Rhe1 Rb8 15. Bh4 Qb7 16. b3 Nf6 17. e5 Nd5 18. Nxd5 Qxd5 19. Qc3 Qc5 20. Qg3 Bd7 21. exd6 Bxd6 22. Qxg7 Qa3+ 23. Kd2 Rf8 24. Ke2 Qc5 25. Kf1 Qh5 26. Nf3 Bc5 27. Re5 1-0

[Event "SWE-chT 1718 Superettan"]
[Site "Sweden"]
[Date "2017.10.21"]
[Round "2.5"]
[White "Shirov, Alexei"]
[Black "Svensson, Bengt"]
[Result "1-0"]
[WhiteElo "2630"]
[BlackElo "2322"]
[PlyCount "63"]
[EventDate "2017.10.20"]
[EventType "team-tourn"]
[EventRounds "9"]
[EventCountry "SWE"]
[SourceTitle "CBM 181 Extra"]
[Source "ChessBase"]
[SourceDate "2017.12.12"]
[SourceVersion "1"]
[SourceVersionDate "2017.12.12"]
[SourceQuality "1"]
[WhiteTeam "Wasa"]
[BlackTeam "Kamraterna"]
[WhiteTeamCountry "SWE"]
[BlackTeamCountry "SWE"]

1. d4 d5 2. c4 dxc4 3. e4 e5 4. Nf3 exd4 5. Bxc4 Bb4+ 6. Nbd2 Nc6 7. Qb3 Qe7 8. 0-0 Nf6 9. e5 Nd7 10. Bxf7+ Qxf7 11. e6 Qg6 12. exd7+ Bxd7 13. Re1+ Kd8 14. a3 Bxd2 15. Bxd2 Kc8 16. Rac1 a5 17. Qc4 Rf8 18. Ne5 Qd6 19. Nd3 b6 20. b4 axb4 21. axb4 Rf5 22. Ra1 Rxa1 23. Rxa1 Qd5 24. Qa6+ Kd8 25. Bf4 Bc8 26. Qa8 h6 27. Rc1 Kd7 28. Ne5+ Rxe5 29. Bxe5 d3 30. Bxg7 Nxb4 31. Qa4+ Nc6 32. Qg4+ 1-0

[Event "SWE-chT 1718 Superettan"]
[Site "Sweden"]
[Date "2017.10.20"]
[Round "1"]
[White "Lindgren, Mats"]
[Black "Svensson, Bengt"]
[Result "1/2-1/2"]
[WhiteElo "2212"]
[BlackElo "2322"]
[PlyCount "55"]
[EventDate "2017.10.20"]
[EventType "team-tourn"]
[EventRounds "9"]
[EventCountry "SWE"]
[SourceTitle "EXT 2019"]
[Source "ChessBase"]
[SourceDate "2018.10.10"]
[SourceVersion "1"]
[SourceVersionDate "2018.10.10"]
[SourceQuality "1"]
[WhiteTeam "Umea Rockaden"]
[BlackTeam "Kamraterna"]
[WhiteTeamCountry "SWE"]
[BlackTeamCountry "SWE"]

1. e4 c5 2. c3 d5 3. exd5 Qxd5 4. d4 Nf6 5. Nf3 Nc6 6. Be3 cxd4 7. cxd4 e6 8. Nc3 Qd6 9. a3 Be7 10. Bd3 0-0 11. Qc2 g6 12. 0-0-0 b5 13. Nxb5 Qd7 14. Nc3 Bb7 15. Kb1 Rfc8 16. Qa4 Nd5 17. Nxd5 Qxd5 18. h4 h5 19. Rhe1 Na5 20. Ne5 Bxh4 21. Bd2 Nb3 22. Bc3 Bxf2 23. Be4 Qxe4+ 24. Rxe4 Bxe4+ 25. Ka2 Bd5 26. Kb1 Be4+ 27. Ka2 Bd5 28. Kb1 1/2-1/2

[Event "SWE Cup"]
[Site "Sweden"]
[Date "2017.03.25"]
[Round "8.2"]
[White "Svensson, Bengt"]
[Black "Akerman, Axel"]
[Result "1-0"]
[WhiteElo "2342"]
[BlackElo "2082"]
[PlyCount "103"]
[EventDate "2017.01.14"]
[EventType "team-tourn"]
[EventRounds "9"]
[EventCountry "SWE"]
[SourceTitle "EXT 2018"]
[Source "ChessBase"]
[SourceDate "2017.10.13"]
[SourceVersion "1"]
[SourceVersionDate "2017.10.13"]
[SourceQuality "1"]
[WhiteTeam "Kamraterna"]
[BlackTeam "Burgsvik Alva"]
[WhiteTeamCountry "SWE"]
[BlackTeamCountry "SWE"]

1. e4 c5 2. Nf3 d6 3. d4 cxd4 4. Nxd4 Nf6 5. Nc3 g6 6. Be3 Bg7 7. f3 0-0 8. Qd2 Nc6 9. 0-0-0 d5 10. exd5 Nxd5 11. Nxc6 bxc6 12. Bd4 Nxc3 13. Qxc3 Bxd4 14. Rxd4 Qb6 15. Bc4 Ba6 16. Rhd1 Bxc4 17. Qxc4 a5 18. a4 Rab8 19. b3 c5 20. Rd7 Qf6 21. Kb1 Rfc8 22. R1d3 e6 23. Qc3 e5 24. R3d6 Qf5 25. Qd3 Qf4 26. g3 Qg5 27. Qd5 Qf5 28. Rd8+ Kg7 29. Rxc8 Rxc8 30. Rc6 Re8 31. Rxc5 Qh3 32. Rc7 Qf5 33. Ra7 Rc8 34. Qe4 Qxe4 35. fxe4 Rc5 36. Rb7 Kf6 37. Rb5 Rc3 38. Rxa5 Re3 39. Rb5 Rxe4 40. a5 Rd4 41. a6 Rd8 42. a7 Ra8 43. Rb7 Ke6 44. b4 f5 45. Kc1 f4 46. gxf4 exf4 47. Kd2 h5 48. b5 g5 49. b6 g4 50. Rb8 g3 51. Rxa8 gxh2 52. Re8+ 1-0

[Event "SWE Cup"]
[Site "Sweden"]
[Date "2017.03.05"]
[Round "5.2"]
[White "Svensson, Bengt"]
[Black "Rosberg, Simon"]
[Result "1/2-1/2"]
[WhiteElo "2342"]
[BlackElo "2334"]
[PlyCount "105"]
[EventDate "2017.01.14"]
[EventType "team-tourn"]
[EventRounds "9"]
[EventCountry "SWE"]
[SourceTitle "EXT 2018"]
[Source "ChessBase"]
[SourceDate "2017.10.13"]
[SourceVersion "1"]
[SourceVersionDate "2017.10.13"]
[SourceQuality "1"]
[WhiteTeam "Kamraterna"]
[BlackTeam "Norrkoping Schack 08"]
[WhiteTeamCountry "SWE"]
[BlackTeamCountry "SWE"]

1. e4 c5 2. Nf3 e6 3. d4 cxd4 4. Nxd4 Nc6 5. Nc3 Qc7 6. Be2 a6 7. 0-0 Nf6 8. Be3 Be7 9. f4 d6 10. Qe1 0-0 11. Qg3 Nxd4 12. Bxd4 b5 13. a3 Bb7 14. Kh1 Rad8 15. e5 dxe5 16. Bxe5 Qc5 17. f5 Rd2 18. Bf4 Nh5 19. Bxh5 Bxg2+ 20. Qxg2 Rxg2 21. Kxg2 Qxf5 22. Be2 Qxc2 23. Rab1 b4 24. axb4 Bxb4 25. Rfc1 Qg6+ 26. Bg3 f5 27. Bd3 Qg5 28. Kh1 f4 29. Bf2 Rd8 30. Rd1 f3 31. Bf1 Bxc3 32. bxc3 Rxd1 33. Rxd1 a5 34. Rb1 Qe5 35. Bd4 Qd5 36. Rb8+ Kf7 37. Rb5 Qe4 38. Kg1 a4 39. Ra5 e5 40. Rxe5 Qg4+ 41. Kf2 g5 42. Ra5 Qf4 43. Ra7+ Ke6 44. Ra6+ Ke7 45. Ra7+ Ke6 46. Ra6+ Ke7 47. Rxa4 Qxh2+ 48. Kxf3 Qf4+ 49. Ke2 Qe4+ 50. Kd2 Qf4+ 51. Ke2 Qe4+ 52. Kd2 Qf4+ 53. Ke2 1/2-1/2

[Event "SWE-chT 1516 Superettan"]
[Site "Sweden"]
[Date "2016.01.16"]
[Round "4"]
[White "Johansson, Thomas"]
[Black "Svensson, Bengt"]
[Result "0-1"]
[WhiteElo "2155"]
[BlackElo "2342"]
[PlyCount "88"]
[EventDate "2015.11.06"]
[EventType "team-tourn"]
[EventRounds "9"]
[EventCountry "SWE"]
[SourceTitle "EXT 2018"]
[Source "ChessBase"]
[SourceDate "2017.10.13"]
[SourceVersion "1"]
[SourceVersionDate "2017.10.13"]
[SourceQuality "1"]
[WhiteTeam "Malmo"]
[BlackTeam "Kamraterna"]
[WhiteTeamCountry "SWE"]
[BlackTeamCountry "SWE"]

1. e4 c5 2. Be2 Nc6 3. f4 d5 4. d3 Nf6 5. e5 Nd7 6. c3 e6 7. Nf3 d4 8. 0-0 Be7 9. Qe1 b6 10. Qg3 g6 11. Nbd2 Bb7 12. Ne4 dxc3 13. bxc3 c4 14. d4 Nxd4 15. cxd4 Bxe4 16. Bxc4 Rc8 17. Bb5 0-0 18. Be3 Nb8 19. Nd2 Qd5 20. Nxe4 Qxe4 21. Bf2 Nc6 22. Rad1 Nb4 23. Rfe1 Qb7 24. h4 Nxa2 25. f5 exf5 26. Be2 Nc3 27. Bf3 Qd7 28. Rd3 Ne4 29. Qf4 Nxf2 30. Kxf2 Rc4 31. Bd1 Bc5 32. e6 fxe6 33. Kf1 Rxd4 34. Rxd4 Qxd4 35. Qg3 e5 36. Bb3+ Kg7 37. Rd1 f4 38. Qf3 Qg1+ 39. Ke2 Qe3+ 40. Qxe3 fxe3 41. Rd7+ Kh6 42. Bf7 Kh5 43. Rxa7 Kxh4 44. Be6 Rf2+ 0-1

[Event "SWE-chT 1415 Superettan"]
[Site "Sweden"]
[Date "2015.01.17"]
[Round "4"]
[White "Svensson, Bengt"]
[Black "Tadjerbashi, Amir"]
[Result "1/2-1/2"]
[WhiteElo "2350"]
[BlackElo "2199"]
[PlyCount "74"]
[EventDate "2014.11.21"]
[EventType "team-tourn"]
[EventRounds "9"]
[EventCountry "SWE"]
[SourceTitle "EXT 2018"]
[Source "ChessBase"]
[SourceDate "2017.10.13"]
[SourceVersion "1"]
[SourceVersionDate "2017.10.13"]
[SourceQuality "1"]
[WhiteTeam "Kamraterna"]
[BlackTeam "Limhamn II"]
[WhiteTeamCountry "SWE"]
[BlackTeamCountry "SWE"]

1. e4 e5 2. Nf3 Nc6 3. Bb5 a6 4. Ba4 Nf6 5. 0-0 Be7 6. Re1 b5 7. Bb3 0-0 8. c3 d5 9. exd5 Nxd5 10. Nxe5 Nxe5 11. Rxe5 c6 12. d4 Bd6 13. Re1 Qh4 14. g3 Qh3 15. Re4 g5 16. Qf1 Qxf1+ 17. Kxf1 Bh3+ 18. Kg1 f5 19. Re1 Rae8 20. Bd2 Kh8 21. Na3 Bxa3 22. bxa3 f4 23. f3 fxg3 24. hxg3 Rxe1+ 25. Rxe1 Rxf3 26. Bxd5 cxd5 27. Bxg5 Rxg3+ 28. Kh2 Rxg5 29. Kxh3 Rg6 30. Re8+ Rg8 31. Re6 Rc8 32. Rxa6 Rxc3+ 33. Kg4 Rd3 34. Rb6 Rxd4+ 35. Kf5 Rd3 36. Rxb5 Rxa3 37. Rxd5 Rxa2 1/2-1/2

[Event "SWE-chT 1415 Superettan"]
[Site "Sweden"]
[Date "2014.11.21"]
[Round "1"]
[White "Malmstig, Erik"]
[Black "Svensson, Bengt"]
[Result "1/2-1/2"]
[WhiteElo "2257"]
[BlackElo "2350"]
[PlyCount "65"]
[EventDate "2014.11.21"]
[EventType "team-tourn"]
[EventRounds "9"]
[EventCountry "SWE"]
[SourceTitle "EXT 2018"]
[Source "ChessBase"]
[SourceDate "2017.10.13"]
[SourceVersion "1"]
[SourceVersionDate "2017.10.13"]
[SourceQuality "1"]
[WhiteTeam "Umea Rockaden"]
[BlackTeam "Kamraterna"]
[WhiteTeamCountry "SWE"]
[BlackTeamCountry "SWE"]

1. d4 d5 2. Nf3 Nf6 3. g3 c5 4. Bg2 Nc6 5. 0-0 e6 6. b3 Be7 7. Bb2 0-0 8. e3 b6 9. Nbd2 Ba6 10. Re1 Rc8 11. Ne5 cxd4 12. exd4 Nb4 13. c4 Bb7 14. Nf1 Nc6 15. Ne3 Na5 16. Rc1 dxc4 17. Bxb7 Nxb7 18. bxc4 Nd7 19. Nd3 Bf6 20. Ng4 Na5 21. Qa4 Re8 22. Red1 Bg5 23. Rc2 Qc7 24. Qb5 Be7 25. Rdc1 Qb7 26. Nf4 a6 27. Qa4 Qc6 28. Qxc6 Rxc6 29. d5 exd5 30. cxd5 Rxc2 31. Rxc2 Bd6 32. Nh5 f6 33. Ne3 1/2-1/2

[Event "SWE-chT2 1314"]
[Site "Sweden"]
[Date "2014.03.07"]
[Round "7"]
[White "Jonsson, Krister"]
[Black "Svensson, Bengt"]
[Result "1/2-1/2"]
[WhiteElo "2137"]
[BlackElo "2354"]
[PlyCount "63"]
[EventDate "2013.11.22"]
[EventType "team-tourn"]
[EventRounds "9"]
[EventCountry "SWE"]
[SourceTitle "EXT 2015"]
[Source "ChessBase"]
[SourceDate "2014.11.20"]
[SourceVersion "1"]
[SourceVersionDate "2014.11.20"]
[SourceQuality "1"]
[WhiteTeam "Orebro"]
[BlackTeam "Kamraterna"]
[WhiteTeamCountry "SWE"]
[BlackTeamCountry "SWE"]

1. d4 d5 2. c4 c6 3. Nf3 Nf6 4. Nc3 dxc4 5. a4 Bf5 6. e3 e6 7. Bxc4 Bb4 8. 0-0 0-0 9. Nh4 Nbd7 10. Nxf5 exf5 11. Qc2 g6 12. f3 Rc8 13. Rd1 Qe7 14. Qf2 Nb6 15. Bb3 Nbd5 16. Bd2 Nxc3 17. bxc3 Ba5 18. Re1 c5 19. c4 Bxd2 20. Qxd2 Rfd8 21. Rad1 Qd6 22. Qc3 Qe7 23. d5 Re8 24. a5 Qd6 25. Bc2 Re7 26. Rb1 h5 27. Rb2 h4 28. Reb1 Rce8 29. Re1 Rc8 30. Reb1 Rce8 31. Re1 Rc8 32. Reb1 1/2-1/2

[Event "SWE-chT2 1314"]
[Site "Sweden"]
[Date "2014.01.18"]
[Round "4"]
[White "Svensson, Bengt"]
[Black "Holst, Conny"]
[Result "1/2-1/2"]
[WhiteElo "2354"]
[BlackElo "2160"]
[PlyCount "76"]
[EventDate "2013.11.22"]
[EventType "team-tourn"]
[EventRounds "9"]
[EventCountry "SWE"]
[SourceTitle "EXT 2015"]
[Source "ChessBase"]
[SourceDate "2014.11.20"]
[SourceVersion "1"]
[SourceVersionDate "2014.11.20"]
[SourceQuality "1"]
[WhiteTeam "Kamraterna"]
[BlackTeam "Limhamn II"]
[WhiteTeamCountry "SWE"]
[BlackTeamCountry "SWE"]

1. e4 d6 2. d4 Nf6 3. Nc3 Nbd7 4. Nf3 e5 5. Bc4 Be7 6. 0-0 0-0 7. Re1 c6 8. a4 h6 9. a5 a6 10. h3 Re8 11. Be3 Qc7 12. dxe5 dxe5 13. Qe2 Nf8 14. Bb6 Qb8 15. Red1 Be6 16. Bxe6 Nxe6 17. Qc4 g6 18. Na4 Kg7 19. Rd2 Bd6 20. Rad1 Bc7 21. b4 Qc8 22. c3 Rb8 23. Ne1 Re7 24. f3 Nf4 25. Ba7 Ra8 26. Bc5 Rd7 27. Nd3 Rxd3 28. Rxd3 Nxd3 29. Rxd3 Qe8 30. Be3 Rd8 31. Nc5 Rxd3 32. Qxd3 Qc8 33. Qd2 Ng8 34. Qd7 Qxd7 35. Nxd7 Bd6 36. Bc5 Nf6 37. Nb6 Bxc5+ 38. bxc5 Kf8 1/2-1/2

[Event "SWE-chT2 1314"]
[Site "Sweden"]
[Date "2013.11.24"]
[Round "3"]
[White "Svensson, Bengt"]
[Black "Ingbrandt, Johan"]
[Result "1/2-1/2"]
[WhiteElo "2354"]
[BlackElo "2369"]
[PlyCount "34"]
[EventDate "2013.11.22"]
[EventType "team-tourn"]
[EventRounds "9"]
[EventCountry "SWE"]
[SourceTitle "EXT 2015"]
[Source "ChessBase"]
[SourceDate "2014.11.20"]
[SourceVersion "1"]
[SourceVersionDate "2014.11.20"]
[SourceQuality "1"]
[WhiteTeam "Kamraterna"]
[BlackTeam "Norrkoping Schack 08"]
[WhiteTeamCountry "SWE"]
[BlackTeamCountry "SWE"]

1. e4 d6 2. d4 Nf6 3. Nc3 e5 4. Nf3 Nbd7 5. Bc4 Be7 6. 0-0 0-0 7. Re1 c6 8. a4 a5 9. b3 Nb6 10. Bf1 exd4 11. Nxd4 d5 12. e5 Ne8 13. Bd3 g6 14. Nce2 Ng7 15. c3 Re8 16. h3 Nd7 17. Nf3 Nc5 1/2-1/2

[Event "SWE-chT2 1314"]
[Site "Sweden"]
[Date "2013.11.22"]
[Round "1"]
[White "Poley, Vladimir"]
[Black "Svensson, Bengt"]
[Result "1/2-1/2"]
[WhiteElo "2306"]
[BlackElo "2354"]
[PlyCount "98"]
[EventDate "2013.11.22"]
[EventType "team-tourn"]
[EventRounds "9"]
[EventCountry "SWE"]
[SourceTitle "EXT 2015"]
[Source "ChessBase"]
[SourceDate "2014.11.20"]
[SourceVersion "1"]
[SourceVersionDate "2014.11.20"]
[SourceQuality "1"]
[WhiteTeam "Sollentuna"]
[BlackTeam "Kamraterna"]
[WhiteTeamCountry "SWE"]
[BlackTeamCountry "SWE"]

1. d4 d5 2. Nf3 Nf6 3. e3 c5 4. b3 Nc6 5. Bb2 Bg4 6. h3 Bh5 7. Be2 e6 8. 0-0 Be7 9. dxc5 Bxc5 10. Nbd2 0-0 11. Ne5 Bxe2 12. Qxe2 Rc8 13. Nxc6 Rxc6 14. c4 dxc4 15. Nxc4 Be7 16. Rfd1 Qc8 17. Bd4 b6 18. a4 Nd7 19. e4 Rd8 20. Qg4 Bf6 21. e5 Be7 22. Rd3 a6 23. Rg3 g6 24. Rf3 b5 25. Qf4 Rf8 26. axb5 axb5 27. Ne3 Rc1+ 28. Rxc1 Qxc1+ 29. Kh2 Qc7 30. g3 f5 31. exf6 Qxf4 32. Rxf4 Bxf6 33. Bxf6 Rxf6 34. Rxf6 Nxf6 35. Kg2 Kf7 36. Kf3 Ke7 37. Kf4 Kd6 38. Nc2 h6 39. Ke3 Nd7 40. Nd4 b4 41. Nc2 Nc5 42. Nxb4 Nxb3 43. Nd3 e5 44. h4 Ke6 45. g4 h5 46. gxh5 gxh5 47. f4 exf4+ 48. Nxf4+ Kf5 49. Nxh5 Kg4 1/2-1/2

[Event "SWE-chT 0910"]
[Site "Sweden"]
[Date "2009.12.05"]
[Round "5"]
[White "Svensson, Bengt"]
[Black "Soderberg, Per"]
[Result "1-0"]
[WhiteElo "2392"]
[BlackElo "2224"]
[PlyCount "73"]
[EventDate "2009.10.16"]
[EventType "team"]
[EventRounds "11"]
[EventCountry "SWE"]
[SourceTitle "EXT 2011"]
[Source "ChessBase"]
[SourceDate "2010.11.26"]
[SourceVersion "1"]
[SourceVersionDate "2010.11.26"]
[SourceQuality "1"]
[WhiteTeam "Kamraterna"]
[BlackTeam "Wasa"]
[WhiteTeamCountry "SWE"]
[BlackTeamCountry "SWE"]

1. e4 c5 2. Nf3 d6 3. d4 cxd4 4. Nxd4 Nf6 5. Nc3 a6 6. Bg5 e6 7. f4 Qb6 8. Qd2 Qxb2 9. Rb1 Qa3 10. f5 Nc6 11. fxe6 fxe6 12. Nxc6 bxc6 13. e5 dxe5 14. Bxf6 gxf6 15. Ne4 Be7 16. Be2 h5 17. Rf1 f5 18. Rf3 Qxa2 19. Rfb3 Qa4 20. Nd6+ Bxd6 21. Qxd6 Qa5+ 22. Kf1 Qd5 23. Qc7 Qd7 24. Qxe5 Rh7 25. Rg3 Qf7 26. Qd6 Bd7 27. Bxa6 Qf8 28. Qe5 Ke7 29. Rb7 Qh6 30. Qc5+ Kf6 31. Qd4+ e5 32. Qh4+ Ke6 33. Bc4+ Kd6 34. Rd3+ Kc5 35. Bb3 e4 36. Qf2+ e3 37. Rxe3 1-0

[Event "SWE-chT 0910"]
[Site "Sweden"]
[Date "2009.11.14"]
[Round "4"]
[White "Jepson, Christian"]
[Black "Svensson, Bengt"]
[Result "1/2-1/2"]
[WhiteElo "2376"]
[BlackElo "2392"]
[PlyCount "97"]
[EventDate "2009.10.16"]
[EventType "team"]
[EventRounds "11"]
[EventCountry "SWE"]
[SourceTitle "EXT 2011"]
[Source "ChessBase"]
[SourceDate "2010.11.26"]
[SourceVersion "1"]
[SourceVersionDate "2010.11.26"]
[SourceQuality "1"]
[WhiteTeam "Limhamn"]
[BlackTeam "Kamraterna"]
[WhiteTeamCountry "SWE"]
[BlackTeamCountry "SWE"]

1. d4 d5 2. Nf3 Nf6 3. c4 c6 4. e3 a6 5. Bd3 Bg4 6. Nbd2 Nbd7 7. Qc2 e6 8. b3 Bd6 9. Bb2 Qb8 10. 0-0 Bh5 11. h3 0-0 12. Ng5 h6 13. Ngf3 Bxf3 14. Nxf3 e5 15. cxd5 cxd5 16. dxe5 Rc8 17. Bh7+ Nxh7 18. Qf5 Rd8 19. exd6 Qxd6 20. Rfd1 Ndf6 21. Rac1 Ne4 22. Qe5 Qxe5 23. Nxe5 Rac8 24. f3 Nef6 25. Nd3 Ne8 26. Nb4 Nhf6 27. a4 Kf8 28. Ba3 Kg8 29. Bb2 Kf8 30. Bd4 Rxc1 31. Rxc1 Ke7 32. Bb6 Ra8 33. Kf2 Ke6 34. Nd3 Nd7 35. Bd4 g5 36. Nc5+ Nxc5 37. Rxc5 h5 38. g4 hxg4 39. hxg4 Rd8 40. Ke2 f6 41. Rc1 Nd6 42. Rh1 Nf7 43. f4 Rc8 44. Kd3 Rc6 45. Rf1 Ke7 46. fxg5 Nxg5 47. Rf5 Ne4 48. Rxd5 Nf2+ 49. Ke2 1/2-1/2